000 00755cam a22002531 4500
001 17957
003 BD-RjUL
005 20211209000221.0
008 140219s19511940enk 001 p eng d
035 _a(BD-RjUL)18015
035 _a(OCoLC)445003
040 _aDLC
_cOOxW
_dOCoLC
_dDLC
_dBD-RjUL
_beng
041 _aeng
082 0 0 _a821.0822
_bOXF 1951
245 0 4 _aThe Oxford book of Christian verse /
_cchosen and edited by Lord David Cecil.
260 _aOxford :
_bClarendon,
_c1940. [Reprinted 1951]
300 _axxxiii, 560 p. ;
_c20 cm.
504 _aIncludes Index
650 0 _aReligious poetry, English.
_955374
700 1 _aCecil, David,
_d1902-1986,
_eed.
_955375
942 _2ddc
_cBK
999 _c17957
_d17957